000 01346nam a2200349 c 4500
003 BLK
005 20190612111635.0
008 180409b bul|||||r ||||||| ||bul||
010 _aKNG00114732000
020 _a954-418-003-6
_bиздат.: Галактика
040 _aBLK
041 _aBUL
_cBUL
080 _aАмериканска литература (на САЩ)
_b821.111(73)
_x-31
_z821.111(73)-31
100 1 _aКотсуинкъл, Уилям
_eпърви автор
_983431
700 1 _aСъбева, Каталина
_eпрев. от англ.
_9364430
139 _aКотсуинкъл, Уилям
_bК 86
245 1 0 _aИзвънземното
_bРоман
_cУилям Котсуинкъл; прев. от англ. Каталина Събева.
257 _aUSA
260 Варна
_bГалактика
_c1991
_fСофия : ДФ Г. Димитров
300 _a219 с.
_c17 см
380 _aX
490 1 _aБиблиотека Галактика
490 1 _3Подсерия
_aСерия Кино
_v3
500 _aОриг. загл. The Extra-Terrestrial / William Kotzwinkle.
653 _aфантастика
653 _aромани
852 _aЦб І 25268
856 4 _qpdf
_u
856 4 _qpdf
_u
942 _cKNG
_n0
_01
944 _aCR
_c23.08.2004
_lф /
_kМилена_Ачева
944 _aED
_c07.02.2013
_lф /
_k
999 _c109415
_d109415